| 000 | 01135nam a22003497a 4500 | ||
|---|---|---|---|
| 003 | CHAP | ||
| 005 | 20220329133301.0 | ||
| 008 | 971013s1988 r 00010 d | ||
| 010 | _a4289 | ||
| 011 | _a5261 | ||
| 035 | _a4468 | ||
| 040 | _cCHAP | ||
| 090 | _aFolleto 13510 | ||
| 100 | 0 | 0 |
_aLinares Prieto, Ricardo. _966905 |
| 245 | _aEstudio preliminar de la asociación Catival en Colombia | ||
| 260 |
_aBogotá : _bCorporación Nacional de Investigación y Fometo Forestal, _c1988 |
||
| 300 | _a[70] p | ||
| 490 |
_aSerie documentación _v; 17 |
||
| 500 | _a53/131 | ||
| 590 |
_aBATCH-UPD _b10 _c20130110 _lUCH01 _h0136 |
||
| 590 |
_aBATCH-UPD _b10 _c20130110 _lUCH01 _h2227 |
||
| 590 |
_aBATCH-UPD _b10 _c20130410 _lUCH01 _h1524 |
||
| 590 |
_aBATCH-UPD _b10 _c20130914 _lUCH01 _h0706 |
||
| 590 |
_aCONVERSION _b10 _c20130109 _lUCH01 _h1304 |
||
| 650 | 1 | 4 |
_aBosques _xColombia. _914113 |
| 650 | 1 | 4 |
_aPrioriacopaifera. _991666 |
| 650 | 1 | 4 |
_aSilvicultura _xPublicaciones periódicas. _9106124 |
| 830 | 0 |
_aSerie documentación _v; 17 _9104822 |
|
| 901 | _aBK | ||
| 942 | _cFOLL | ||
| 949 |
_aFolleto 13510 _bBC _cFOLL _d-14014 _eTS1 _i4468 _si |
||
| 999 |
_c4289 _d4289 |
||